Phố Cảng vùng Thuận Cảng (Hội An - Thanh Hà - Nước mặn) thế kỷ XVII - XVIII
v.v...
Đã lưu trong:
| Tác giả chính: | |
|---|---|
| Định dạng: | Sách |
| Năm xuất bản: |
H.
Thuận Hóa; Hội khoa học lịch sử Việt Nam
1996
|
| Chủ đề: | |
| Tags: |
Thêm thẻ
Không có thẻ, Hãy là người đầu tiên gắn thẻ bản ghi này!
|
| LEADER | 00967nam a2200289 4500 | ||
|---|---|---|---|
| 082 | |a 959.7 |b Đ450B | ||
| 100 | |a Đỗ Bang | ||
| 245 | |a Phố Cảng vùng Thuận Cảng (Hội An - Thanh Hà - Nước mặn) thế kỷ XVII - XVIII |c Đỗ Bang | ||
| 260 | |a H. |b Thuận Hóa; Hội khoa học lịch sử Việt Nam |c 1996 | ||
| 300 | |a 199 tr. |c 19 cm | ||
| 520 | |a v.v... | ||
| 653 | |a Lịch sử | ||
| 653 | |a Việt Nam | ||
| 653 | |a Thế kỉ 17 | ||
| 653 | |a Thế kỉ 18 | ||
| 653 | |a Quảng Trị | ||
| 653 | |a Thừa Thiên Huế | ||
| 653 | |a Quảng Nam | ||
| 653 | |a Đà Nẵng | ||
| 653 | |a Quảng Ngãi | ||
| 653 | |a Bình Định | ||
| 653 | |a Phú Yên | ||
| 653 | |a Phố Cảng | ||
| 653 | |a Hội An | ||
| 942 | |2 ddc |c SH | ||
| 999 | |c 3593 |d 3593 | ||
| 952 | |0 0 |1 0 |2 ddc |4 0 |6 959_700000000000000_Đ450B |7 0 |8 900 |9 37331 |a qbu |b qbu |c D5 |d 2014-12-16 |g 40000 |o 959.7 Đ450B |p 4367.c1 |r 0000-00-00 |w 2014-12-16 |y SH |0 0 |6 959_700000000000000_Đ450B | ||